000
00307nam a22001337a 4500
003
SGT
020
_a
0195625501
082
_a
891.43
_b
NAN
100
_a
NANDA ,B R
245
_a
IN GANDHI'S FOOTSTEPS
_b
THE LIFE AND TIMES OF JAMNALAL BAJAJ
260
_a
UK
_b
OXFORD
_c
1990
300
_a
398
942
_2
ddc
_c
BK
999
_c
26733
_d
26733